Quito / (Record no. 11440)
[ view plain ]
| 000 -LEADER | |
|---|---|
| campo de control de longitud fija | 00776nam a22002655i 4500 |
| 001 - NÚMERO DE CONTROL | |
| campo de control | 11440 |
| 003 - IDENTIFICADOR DE NÚMERO DE CONTROL | |
| campo de control | ES-MaACL |
| 005 - FECHA Y HORA DE LA ÚLTIMA TRANSACCIÓN | |
| campo de control | 20240524183535.0 |
| 007 - CAMPO FIJO DE DESCRIPCIÓN FÍSICA--INFORMACIÓN GENERAL | |
| campo de control de longitud fija | t| |
| 008 - DATOS DE LONGITUD FIJA--INFORMACIÓN GENERAL | |
| campo de control de longitud fija | 930118s1992 sp ||||0| spa j |
| 020 ## - NÚMERO INTERNACIONAL ESTÁNDAR DEL LIBRO | |
| Número Internacional Estándar del Libro | 84-7100-437-2 |
| 040 ## - FUENTE DE CATALOGACIÓN | |
| Centro catalogador/agencia de origen | M-BN |
| Lengua de catalogación | spa |
| Centro/agencia transcriptor | M-BN |
| 080 ## - NÚMERO DE LA CLASIFICACIÓN DECIMAL UNIVERSAL | |
| Número de la Clasificación Decimal Universal | 986.613 Q |
| 100 1# - ENTRADA PRINCIPAL--NOMBRE DE PERSONA | |
| Nombre de persona | Salvador Lara, Jorge. |
| 9 (RLIN) | 102092 |
| 245 10 - MENCIÓN DEL TÍTULO | |
| Título | Quito / |
| Mención de responsabilidad, etc. | Jorge Salvador Lara. |
| 260 ## - PUBLICACIÓN, DISTRIBUCIÓN, ETC. | |
| Lugar de publicación, distribución, etc. | Madrid : |
| Nombre del editor, distribuidor, etc. | MAPFRE, |
| Fecha de publicación, distribución, etc. | D.L. 1992. |
| 300 ## - DESCRIPCIÓN FÍSICA | |
| Extensión | 404 p ; |
| Dimensiones | 23 cm. |
| 490 1# - MENCIÓN DE SERIE | |
| Mención de serie | Colección Ciudades de Iberoamérica ; |
| Designación de volumen o secuencia | 5 |
| 500 ## - NOTA GENERAL | |
| Nota general | Indices. |
| 504 ## - NOTA DE BIBLIOGRAFÍA, ETC. | |
| Nota de bibliografía, etc. | Bibliografía: p. [377]-383. |
| 651 #4 - PUNTO DE ACCESO ADICIONAL DE MATERIA--NOMBRE GEOGRÁFICO | |
| Nombre geográfico | Quito (Ecuador)- |
| Subdivisión general | Historia |
| 9 (RLIN) | 9295 |
| 830 0# - PUNTO DE ACCESO ADICIONAL DE SERIE-TÍTULO UNIFORME | |
| Título uniforme | Colección Ciudades de Iberoamérica ; |
| Designación de volumen o secuencia | 5 |
| 9 (RLIN) | 179074 |
| 852 ## - LOCALIZACIÓN | |
| Ubicación | ES-MaACL |
| Número de control de estantería | L-18765 |
| Sublocalización o colección | R.124041 |
| Estatus retirado | Estado de pérdida | Estado de daño | No para préstamo | Biblioteca de origen | Biblioteca actual | Ubicación en estantería | Fecha de adquisición | Fuente de adquisición | Total de préstamos | Signatura topográfica completa | Código de barras | Visto por última vez | Precio de reemplazo | Tipo de ítem Koha |
|---|---|---|---|---|---|---|---|---|---|---|---|---|---|---|
| Biblioteca del Ateneo de Madrid | Biblioteca del Ateneo de Madrid | Depósito 2 | 17/01/2008 | L-18765 | 1011663 | 23/02/2023 | 23/02/2023 | Libro impreso |
